[Event "IECG QD.2006.0.00087"]
[Site "IECG email"]
[Date "2006.03.10"]
[Round "2.1"]
[White "Rossi, Enroco"]
[Black "Howes, Tony"]
[Result "0-1"]
[WhiteElo "1500"]
[BlackElo "1404"]
[PlyCount "38"]
[EventDate "2006.03.07"]
[EventType "tourn (corr)"]
[EventRounds "2"]
[SourceTitle "Corr 2008"]
[Source "ChessBase"]
[SourceDate "2008.06.24"]
[SourceVersion "1"]
[SourceVersionDate "2008.06.24"]
[SourceQuality "1"]

1. e4 e5 2. Nf3 Nc6 3. d4 exd4 4. Bc4 Bc5 5. 0-0 d6 6. c3 Bg4 7. Qb3 Bxf3 8. Bxf7+ Kf8 9. gxf3 Ne5 10. cxd4 Bxd4 11. Bd5 Qf6 12. f4 Qg6+ 13. Qg3 Nd3 14. Nc3 Nf6 15. Bxb7 Rb8 16. Bd5 Bxc3 17. bxc3 Nh5 18. Qxg6 hxg6 19. Be3 Nhxf4 0-1